000 00547nam a2200193Ia 4500
003 OSt
005 20250129154451.0
008 210210b1972 xxu||||| |||| 00| 0 eng d
040 _cAL
041 _aKannada
082 _aK894.3 KRAH
100 _aKRASHNAMURTI PURANIKA
_9138545
_dಕೃಷ್ಣಮೂರ್ತಿ ಪುರಾಣಿಕ
245 _aHennu Havu
_bಹೆಣ್ಣು ಹಾವು
260 _aBengaluru
_bPrakasha Sahitya
_c1972
300 _aiv,207
690 _aKannada Fiction
_9138546
906 _a031363
942 _2ddc
_cBK
999 _c82412
_d82412